[Event "FRA-ch U18"]
[Site "Aix les Bains"]
[Date "2009.04.24"]
[Round "7"]
[White "Delivre, Raphael"]
[Black "Chahbazian, Tigran"]
[Result "1-0"]
[WhiteElo "2067"]
[BlackElo "1915"]
[PlyCount "43"]
[EventDate "2009.04.19"]
[EventType "swiss"]
[EventRounds "9"]
[EventCountry "FRA"]
[SourceTitle "CBM 130 Extra"]
[Source "ChessBase"]
[SourceDate "2009.07.02"]
[SourceVersion "2"]
[SourceVersionDate "2009.07.15"]
[SourceQuality "1"]

1. e4 e6 2. d4 d5 3. Nd2 Nf6 4. e5 Nfd7 5. c3 c5 6. f4 Nc6 7. Ndf3 cxd4 8. cxd4 Be7 9. g3 0-0 10. Kf2 f5 11. h4 Nb6 12. Nh3 Bd7 13. Nfg5 Rc8 14. Qh5 h6 15. Qg6 hxg5 16. Nxg5 Bxg5 17. hxg5 Be8 18. Qxe6+ Bf7 19. Qxf5 Bh5 20. Qe6+ Bf7 21. Qh3 Bg6 22. e6 1-0